000 00493nam a2200181 a 4500
001 000045084
005 20201002045850.0
008 150202s2006 dr a 000 0 spa d
020 _a9945140043
040 _aDO-SdBNP
_bspa
_cBNPHU
082 _axxxxxx
_bxxxxxx
245 0 0 _aColorea el quijote.
250 _a3a ed.
260 _aSanto Domingo :
_bEducarte,
_c2006.
300 _a12 p. :
_bil. ;
_c28 cm.
490 1 _aColorea un mundo mejor
_v1
830 0 _aColorea un mundo mejor
_n1
_973102
999 _c44573
_d44573